Name A Director's Movie - Statistics

General Stats
  • This quiz has been taken 155 times
  • The average score is 12 of 16
Answer Stats
Director Movies % Correct
Steven Spielberg Firelight | Duel | The Sugarland Express | Jaws | Close Encounters of the Third Kind | 1941 | Indiana Jones and the Raiders of the Lost Ark | E.T. the Extra-Terrestrial | Indiana Jones and the Temple of Doom | The Color Purple | Empire of the Sun | Indiana Jones and the Last Crusade | Always | Hook | Jurassic Park | Schindler's List | The Lost World: Jurassic Park | Amistad | Saving Private Ryan | A.I. Artificial Intelligence | Minority Report | Catch Me If You Can | The Terminal | War of the Worlds | Munich | Indiana Jones and the Kingdom of the Crystal Skull | War Horse | The Adventures of Tintin | Lincoln | Bridge of Spies | The BFG | The Post | Ready Player One | West Side Story | The Fabelmans
98%
James Cameron Piranha II: The Spawning | The Terminator | Aliens | The Abyss | Terminator 2: Judgement Day | True Lies | Titanic | Avatar | Avatar: The Way of Water
98%
Tim Burton Pee-Wee's Big Adventure | Beetlejuice | Batman | Edward Scissorhands | Batman Returns | Ed Wood | Mars Attacks! | Sleepy Hollow | Planet of the Apes | Big Fish | Charlie and the Chocolate Factory | Corpse Bride | Sweeney Todd: The Demon Barber of Fleet Street | Alice in Wonderland | Dark Shadows | Frankenweenie | Big Eyes | Miss Peregrine's Home For Peculiar Children | Dumbo
96%
Quentin Tarantino Reservoir Dogs | Pulp Fiction | Jackie Brown | Kill Bill: Volume 1 | Kill Bill: Volume 2 | Death Proof | Inglorious Basterds | Django Unchained | The Hateful Eight | Once Upon A Time... In Hollywood
95%
George Lucas THX 1138 | American Graffiti | Star Wars: Episode IV: A New Hope | Star Wars: Episode I: The Phantom Menace | Star Wars: Episode II: Attack of the Clones | Star Wars: Episode III: Revenge of the Sith
95%
Wes Anderson Bottle Rocket | Rushmore | The Royal Tenenbaums | The Life Aquatic With Steve Zissou | The Darjeeling Limited | Fantastic Mr. Fox | Moonrise Kingdom | The Grand Budapest Hotel | Isle of Dogs | The French Dispatch | Asteroid City | The Wonderful Story of Henry Sugar and Three More
90%
Peter Jackson Bad Taste | Meet the Feebles | Braindead | Heavenly Creatures | The Frighteners | The Lord of the Rings: The Fellowship of the Ring | The Lord of the Rings: The Two Towers | The Lord of the Rings: The Return of the King | King Kong | A Lovely Bones | The Hobbit: An Unexpected Journey | The Hobbit: The Desolation of Smaug | The Hobbit: The Battle of the Five Armies
87%
Greta Gerwig Nights and Weekends | Lady Bird | Little Women | Barbie
86%
Robert Zemeckis I Wanna Hold Your Hand | Used Cars | Romancing the Stone | Back to the Future | Who Framed Roger Rabbit | Back to the Future Part II | Back to the Future Part III | Death Becomes Her | Forrest Gump | Contact | Cast Away | What Lies Beneath | The Polar Express | Beowulf | A Christmas Carol | Flight | The Walk | Allied | Welcome to Marwen | The Witches | Pinocchio
78%
Sofia Coppola The Virgin Suicides | Lost in Translation | Marie Antoinette | Somewhere | The Bling Ring | The Beguiled | On the Rocks | Priscilla
75%
Zack Snyder Dawn of the Dead | 300 | Watchmen | Legends of the Guardians: The Owls of Ga'Hoole | Sucker Punch | Man of Steel | Batman v. Superman: Dawn of Justice | Justice League | Zack Snyder's Justice League | Army of the Dead | Rebel Moon: Part One: A Child of Fire
70%
Ben Affleck Gone Baby Gone | The Town | Argo | Live by Night | Air
69%
J.J. Abrams Mission: Impossible III | Star Trek | Super 8 | Star Trek Into Darkness | Star Wars: Episode VII: The Force Awakens | Star Wars: Episode IX: The Rise of Skywalker
63%
Rian Johnson Brick | The Brothers Bloom | Looper | Star Wars: Episode VIII: The Last Jedi | Knives Out | Glass Onion: A Knives Out Mystery
50%
Spike Jonze Being John Malkovich | Adaptation. | Where the Wild Things Are | Her
49%
Joss Whedon Serenity | The Avengers | Much Ado About Nothing | Avengers: Age of Ultron
48%
No matching quizzes found
Score Distribution
Percent of People with Each Score
Percentile by Number Answered
Your Score History
You have not taken this quiz